000
00328nam a22001337a 4500
008
250801b |||||||| |||| 00| 0 eng d
020
_a
0300050585
050
_a
HE2180
_b
.P54
100
_a
PIERCE L. James
245
_a
The Future of Banking
260
_a
New York
_b
Vail-Ballou Press
_c
1991
300
_a
vii, 163p.
942
_c
BK
999
_c
4420
_d
4420